00334nam a2200121Ia 4500008004100000041000800041082001200049100001600061245004500077260004800122300003100170365001100201240624s9999 xx 000 0 und d aeng a020 KUM aKUMAR P S G aLIBRARY MOVEMENT AND LIBRARIES DEVELOPME c2008aNew DelhibB R Publishing Corporation axii, : 595 : p. : cm. ; 22 cRSb20